Las palabras / (Record no. 139385)

MARC details
000 -LEADER
campo de control de longitud fija 00759nam a2200217 4500
001 - NÚMERO DE CONTROL
campo de control 139385
003 - IDENTIFICADOR DE NÚMERO DE CONTROL
campo de control ES-MaACL
005 - FECHA Y HORA DE LA ÚLTIMA TRANSACCIÓN
campo de control 20250804072416.0
007 - CAMPO FIJO DE DESCRIPCIÓN FÍSICA--INFORMACIÓN GENERAL
campo de control de longitud fija t|
008 - DATOS DE LONGITUD FIJA--INFORMACIÓN GENERAL
campo de control de longitud fija 070214s1982 sp r ||||1| spa d
100 1# - ENTRADA PRINCIPAL--NOMBRE DE PERSONA
Nombre de persona Sartre, Jean-Paul,
Fechas asociadas al nombre 1905-1980
9 (RLIN) 103897
245 14 - MENCIÓN DEL TÍTULO
Título Las palabras /
Mención de responsabilidad, etc. Jean-Paul Sartre ; traducción de Manuel Lamana ; revisión de Miguel Salabert.
260 ## - PUBLICACIÓN, DISTRIBUCIÓN, ETC.
Lugar de publicación, distribución, etc. Madrid :
Nombre del editor, distribuidor, etc. Alianza,
Fecha de publicación, distribución, etc. 1982.
300 ## - DESCRIPCIÓN FÍSICA
Extensión 171 p. ;
Dimensiones 18 cm.
490 1# - MENCIÓN DE SERIE
Mención de serie El libro de bolsillo alianza editorial. Sección : literatura ;
Designación de volumen o secuencia 905
700 1# - ENTRADA AGREGADA--NOMBRE PERSONAL
Nombre de persona Lamana, Manuel.
9 (RLIN) 69761
700 1# - ENTRADA AGREGADA--NOMBRE PERSONAL
Nombre de persona Salabert, Miguel.
9 (RLIN) 101686
830 03 - PUNTO DE ACCESO ADICIONAL DE SERIE-TÍTULO UNIFORME
Título uniforme El libro de bolsillo.
Nombre de parte o sección de la obra Literatura
Designación de volumen o secuencia 905
9 (RLIN) 180913
852 ## - LOCALIZACIÓN
Ubicación ES-MaACL
Número de control de estantería L-3018
Sublocalización o colección R.103959
Holdings
Estatus retirado Estado de pérdida Estado de daño No para préstamo Biblioteca de origen Biblioteca actual Ubicación en estantería Fecha de adquisición Fuente de adquisición Total de préstamos Signatura topográfica completa Código de barras Visto por última vez Precio de reemplazo Tipo de ítem Koha
        Biblioteca del Ateneo de Madrid Biblioteca del Ateneo de Madrid Depósito 2 17/01/2008     L-3018 1145052 23/02/2023 23/02/2023 Libro impreso